000 00443nam a2200181Ia 4500
003 OSt
005 20260401112529.0
008 250729s2011 xx 000 0 und d
040 _cAL
041 _aeng
082 _a372.15 KARS
100 _aGovt of Karnataka
_9230787
245 _aSocial science - 8th Std
260 _aBangalore
_bKarnataka Text Book Socity
_c2011
300 _a300p
650 _aEnglish
_9230788
942 _2ddc
_cBED
999 _c238956
_d238956